| 000 | 00763nam a2200241 a 4500 | ||
|---|---|---|---|
| 001 | 55552 | ||
| 003 | BD-RjUL | ||
| 005 | 20211209080300.0 | ||
| 008 | 161120r19511919enk||||| |||| 00| 0 eng d | ||
| 035 | _a(BD-RjUL)55675 | ||
| 040 |
_aBD-RjUL _beng _cBD-RjUL |
||
| 041 | _aeng | ||
| 082 |
_223 _a940.21 _bSIR 1951 |
||
| 100 | 1 |
_aSichel, Edith _9165461 |
|
| 245 | 1 | 4 |
_aThe Renaissance / _cEdith Sichel |
| 260 |
_aLondon : _bOxford University Press, _c1914 [ Reprint 1951] |
||
| 300 |
_a256 p. ; _c19 cm |
||
| 490 |
_aHome university library of modern knowledge, _v no. 93 |
||
| 500 | _aIncludes Index | ||
| 650 |
_aRenaissance _xCivilization _zEurope _9165462 _y1862-1914 |
||
| 830 |
_aHome university library of modern knowledge, _vno 93 _9125380 |
||
| 942 |
_2ddc _cBK |
||
| 999 |
_c55552 _d55552 |
||